Score 0/22 Timer 02:00
2 Plays Today
HINT 4-LETTER WORD % Correct
☒ ____ All Ye Faithful ☒☒ COME ☒
96.1%
☒ OVER AND ____ WITH ☒☒ DONE ☒
91.2%
Hourglass gritSAND
89.7%
Arena featureDOME
89.3%
Orwell's 'Animal ____'FARM
89%
FewerLESS
87.7%
Wild, Wild, ____WEST
87.6%
☒ UTTERED ☒☒ SAID ☒
84.1%
____ serif; type styleSANS
84.1%
Pots partnersPANS
80.6%
Highland girlLASS
80%
HINT 4-LETTER WORD % Correct
Fledgling's homeNEST
79.1%
☒ CABBIE'S QUEST ☒☒ FARE ☒
78.3%
Milk or scullery girlMAID
77.4%
☒ G-MAN ELLIOT ____☒ NESS ☒
76%
Mountain gapPASS
75.1%
Whip markWELT
71.9%
Where Eagles ____DARE
70.7%
Hamlet, e.g.DANE
69.5%
Schoolhouse figureMARM
64.7%
WoundMAIM
61.9%
☒ COMMON BOND ☒☒ WELL ☒
33.7%

Today's Daily Dose

Remove Ads.
Support Sporcle.
Get the best of Sporcle when you Go Orange. This ad-free experience offers more features, more stats, and more fun while also helping to support Sporcle. Thank you for becoming a member.

You're not logged in!

Compare scores with friends on all Sporcle quizzes.
OR
Log In

Show Comments

Extras

Top Quizzes Today


Score Distribution

Your Account Isn't Verified!

In order to create a playlist on Sporcle, you need to verify the email address you used during registration. Go to your Sporcle Settings to finish the process.

Report this User

Report this user for behavior that violates our Community Guidelines.

Details: